Statistics for History Analogies #1

Click here to take the quiz!

General Stats

  • This quiz has been taken 72,251 times
    (34,300 since last reset)
  • The average score is 15 of 20

Answer Stats

This is to this …As …% Correct
Gandhi is to IndiaMandela is to {South} {Africa}
95%
Newton is to Gravity{Einstein} is to Relativity
92%
Napoleon is to FranceGenghis Khan is to {Mongolia}
91%
Lenin is to Russia{Mao} is to China
91%
Odin is to Valhalla{Zeus} is to Olympus
89%
Caesar is to
March 15, 44 BC
{Kennedy} is to
November 22, 1963
86%
Abolition is to SlaveryProhibition is to {Alcohol}
84%
Byzantium
is to Constantinople
Constantinople is to {Istanbul}
78%
Ivan is to TerribleVlad is to {Impaler}
78%
Cortés is to the AztecsPizarro is to the {Incas}
76%
Plato is to Aristotle{Socrates} is to Plato
75%
"Bard" is to Shakespeare"Iron Lady" is {Thatcher}
73%
Henry VIII is to TudorElizabeth II is to {Windsor}
69%
Brazil is to PortugalIndonesia is to {Netherlands}
69%
United Nations is to WWII{League} {of} {Nations} is to WWI
68%
Nixon is to JohnsonEisenhower is to {Truman}
62%
Philip is to Elizabeth II{Albert} is to Victoria
52%
Hitler is to FührerMussolini is to {Duce}
51%
Wright Brothers are to
Airplanes
Montgolfier Brothers are to
{Hot} {Air} {Balloons}
43%
Bligh is to HMS Bounty{Cook} is to HMS Endeavour
31%

Score Distribution

Percentile by Number Answered

Percent of People with Each Score

Your Score History

You have not taken this quiz since the last reset